000 00587nam a2200229Ia 4500
003 OSt
005 20221007075312.0
006 a|||||r|||| 00| 0
007 ta
008 221006b |||||||| |||| 00| 0 eng d
024 _a35,180
037 _cTextual
040 _aFLL
_cFLL
_beng
041 _2eng
_aeng
082 _a0111,3(Z), Q0
100 _aSingh G B
245 0 _aORI and other short stories
260 _aNew Delhi
_bGB Singh Rajouri Garden India
300 _a127
_ccm.
942 _h0111,3(Z), Q0
_cTEXL
_2CC
999 _c1155546
_d1155546